000 00311nam a22001337a 4500
008 170605b xxu||||| |||| 00| 0 eng d
020 _a9781603201230
041 _aeng
080 _a94(7/8)
100 _a18
101 _aSHH
245 _aAMERICA/ A VISUAL HISTORY FROM THEN AND NOW
_cLIFE
942 _2udc
_cBK
999 _c15970
_d15970